| 000 | 00583nam a2200193 a 4500 | ||
|---|---|---|---|
| 001 | 000028522 | ||
| 003 | DO-SdBNP | ||
| 005 | 20230331094220.0 | ||
| 007 | ta | ||
| 008 | 110408s201- dr 000 0 spa d | ||
| 040 |
_aDO-SdBNP _bspa _cBNPHU |
||
| 049 | _aBNPD | ||
| 082 | 4 |
_bN851a _222 |
|
| 245 | 0 | 0 | _aNormas ambientales para la reducción del consumo de las sustancias agotadoras de la capa de ozono. |
| 260 |
_aSanto Domingo : _bMinisterio de Medio Ambiente y Recursos Naturales, _c201-?. |
||
| 300 |
_a44 p. ; _c22 cm. |
||
| 590 | _aInventariado, 2023/BT | ||
| 942 |
_2ddc _cLBS1 |
||
| 999 |
_c28014 _d28014 |
||